[Event "US-ch Women 2018"]
[Site "Saint Louis"]
[Date "2018.04.19"]
[Round "2"]
[White "Paikidze, Nazi"]
[Black "Gorti, Akshita"]
[Result "1/2-1/2"]
[WhiteElo "2352"]
[BlackElo "2252"]
[Annotator "TA"]
[PlyCount "88"]
[EventDate "2018.??.??"]
[EventType "tourn"]
[EventCountry "USA"]
[SourceTitle "playchess.com"]
[Source "ChessBase"]
[SourceQuality "1"]

{[%evp 17,88,12,14,0,0,0,0,0,0,0,0,-10,-10,-10,0,0,0,0,0,0,-5,-20,0,-23,0,-89,-90,-189,-15,0,0,0,0,-143,-43,-167,-168,-174,-127,-223,-202,-189,-182,-185,-186,-149,-61,-68,-22,-22,-22,-22,-35,-43,-43,-43,-45,-45,0,0,0,0,0,0,0,0,0,0,0,0,0,0,0]} 1. c4 e6 2. Nc3 d5 3. d4 a6 4. cxd5 exd5 5. Nf3 Nf6 6. Bg5 {D37: Queen's Gambit Declined: 5 Bf4} Be6 7. e3 Nbd7 8. Be2 (8. Bd3 Bd6 9. Bf4 Qe7 10. O-O O-O 11. h3 Rfe8 12. Qc2 {½-½ (12) Aronian,L (2805)-Carlsen,M (2837) Riadh 2017}) 8... Bd6 9. O-O O-O {LiveBook: 8 Games} 10. Qc2 c6 11. Rac1 Re8 $146 ({Predecessor:} 11... Qc7 12. Bh4 h6 13. Bg3 Bxg3 14. hxg3 {½-½ (41) Kozak,A (2414)-Brkic,A (2565) Pardubice 2017}) 12. a3 Qc7 13. Bh4 Bg4 14. Bg3 Bxg3 15. hxg3 Qd6 16. Bd3 Bh5 17. Nh4 Bg6 18. Nxg6 hxg6 19. Rfd1 Re7 20. b4 Rae8 21. a4 (21. Nb1 $11) 21... Ng4 $17 22. Ne2 {[#]} (22. Be2 $17 Nxf2 23. Kxf2) 22... g5 $2 (22... Nxf2 $1 $19 {[%mdl 512]} 23. Kxf2 Nf6) 23. Bh7+ $11 Kh8 (23... Kf8 $5 24. Bf5 $8 Nxf2 25. Kxf2 Rxe3 $11) 24. Bf5 Nh6 {[%cal Bg4h6,Bh6g4,Bg4e3][%mdl 32]} 25. Nc3 (25. b5 $1 $11) 25... Nb6 ({Better is} 25... Nf6 $17 26. b5 g6) 26. b5 {[#]} (26. Bd3 $15) 26... axb5 $1 $19 27. axb5 Nc4 28. Bd3 {[#]} (28. e4 $17 {is a better defense.} Nxf5 29. exf5) 28... Nxe3 $1 {[%mdl 512]} 29. fxe3 {[#]} Ng4 $1 30. Bf5 Nxe3 31. Qf2 g6 (31... Qa3 $17 32. Nb1 (32. Qf3 g6 $17) 32... Qb4 33. bxc6 bxc6) 32. Ne4 $1 $15 {[%cal Re4d6]} Nxd1 (32... dxe4 {is interesting.} 33. Qxe3 gxf5 34. Qxg5 e3 35. Re1 cxb5 36. Rc5 Qg6) 33. Nxd6 Nxf2 34. Nxe8 gxf5 35. Kxf2 Rxe8 36. bxc6 bxc6 37. Rxc6 {[%mdl 4096] Endgame KR-KR} Re4 {aiming for ...Kg7.} 38. Rf6 {The position is equal.} f4 39. gxf4 gxf4 {Threatens to win with ...Kg7.} 40. Rxf7 Rxd4 41. Kf3 Kg8 42. Rxf4 Rxf4+ 43. Kxf4 Kg7 44. Kf5 Kf7 {Precision: White = 43%, Black = 53%.} 1/2-1/2

[Event "US-ch Women 2018"]
[Site "Saint Louis"]
[Date "2018.04.19"]
[Round "2"]
[White "Wang, Annie"]
[Black "Abrahamyan, Tatev"]
[Result "1/2-1/2"]
[WhiteElo "2321"]
[BlackElo "2366"]
[Annotator "TA"]
[PlyCount "76"]
[EventDate "2018.??.??"]
[EventType "tourn"]
[EventCountry "USA"]
[SourceTitle "playchess.com"]
[Source "ChessBase"]
[SourceQuality "1"]

{[%evp 22,76,0,0,38,29,39,0,0,0,0,0,0,-25,-18,-18,0,0,0,-12,-2,-8,0,-39,-18,-44,17,-41,-42,-61,-14,-21,-22,-28,-29,-31,-6,-6,-6,-6,-6,-12,-11,-9,-8,-4,-6,-17,-16,-10,0,-5,0,-15,0,0,0]} 1. d4 Nf6 2. c4 e6 3. Nc3 Bb4 4. Qc2 O-O 5. a3 Bxc3+ 6. Qxc3 d5 7. e3 b6 8. Nf3 Bb7 9. b3 Nbd7 {E32: Nimzo-Indian: Classical (4 Qc2): 4...0-0} 10. Be2 c5 11. O-O Rc8 12. Bb2 {LiveBook: 7 Games} Ba6 (12... Ne4 13. Qc2 cxd4 14. exd4 Nd6 15. Nd2 Qf6 16. Rac1 Nf5 17. Qd3 {½-½ (63) Yu,Y (2751)-Kryvoruchko,Y (2689) Riadh 2017}) 13. a4 cxd4 14. exd4 ({White should try} 14. Nxd4 $14 dxc4 15. bxc4) 14... dxc4 $11 15. bxc4 $146 ({Predecessor:} 15. Bxc4 Nd5 16. Qd3 Nb4 17. Qe2 {½-½ (29) Nataf,I (2480)-Morrow,W (2454) ICCF email 2015}) 15... Nd5 {[%cal Bf6d5,Bd5f4,Bf4e2][%mdl 32]} 16. Qc2 Nf4 17. Rfc1 Nxe2+ 18. Qxe2 Qc7 {[%cal Ra6c4]} 19. Nd2 Rfd8 20. Ra3 Nf8 21. Qe3 Ng6 22. h3 (22. a5 $5) 22... Bb7 23. Nf3 Qc6 (23... Qf4 $15) 24. Qc3 (24. a5 $11) 24... f6 25. Qe3 Qe4 (25... Ba6 {looks sharper.} 26. Nd2 Nh4 27. Qg3 Nf5 28. Qg4 h5) 26. Qxe4 Bxe4 27. Nd2 Bb7 {And now ...Nf4 would win.} 28. f3 Ne7 29. a5 {The position is equal.} Nf5 30. axb6 axb6 31. Ra7 Bc6 32. Nb3 Ra8 33. Rca1 Ne3 {next ...Rxa7 is good for Black.} 34. Nd2 Rxa7 35. Rxa7 Nc2 36. Nb3 Ne3 37. Nd2 Nc2 38. Nb3 Ne3 {Precision: White = 35%, Black = 52%.} 1/2-1/2

[Event "US-ch Women 2018"]
[Site "Saint Louis"]
[Date "2018.04.19"]
[Round "2"]
[White "Foisor, Sabina-Francesca"]
[Black "Goletiani, Rusudan"]
[Result "1/2-1/2"]
[WhiteElo "2308"]
[BlackElo "2306"]
[Annotator "TA"]
[PlyCount "88"]
[EventDate "2018.??.??"]
[EventType "tourn"]
[EventCountry "USA"]
[SourceTitle "playchess.com"]
[Source "ChessBase"]
[SourceQuality "1"]

{[%evp 23,88,9,15,19,9,12,22,8,4,0,0,0,21,17,49,48,51,47,62,71,87,88,95,45,45,11,41,37,126,139,288,289,289,283,290,279,279,279,276,275,278,227,239,236,244,248,330,16,20,18,111,0,24,24,24,21,19,-247,-262,-241,0,0,0,-233,0,0,0]} 1. d4 e6 2. c4 f5 3. Nf3 Nf6 4. g3 c6 5. Bg2 d5 6. O-O Bd6 7. b3 Qe7 8. Bb2 b6 9. Qc1 Bb7 {A90: Dutch Defence: Miscellaneous and Modern Stonewall (with ...Bd6)} 10. Ba3 Nbd7 (10... Bxa3 11. Qxa3 Qxa3 12. Nxa3 Nbd7 13. Rac1 Ke7 14. cxd5 exd5 15. Rfd1 a5 16. Ne1 Rhc8 17. Nd3 {1-0 (53) Duda,J (2663)-Lenderman,A (2626) Doha 2015}) 11. Bxd6 Qxd6 12. Qb2 O-O {LiveBook: 3 Games} 13. e3 Rac8 $146 ({Predecessor:} 13... Ne4 14. Nbd2 Rac8 15. Rfd1 c5 16. Rac1 Rfd8 17. a3 {1-0 (42) Monroy,C (2393)-Dijoux,F (2124) Saint Affrique 2008}) 14. Na3 Ne4 15. Ne5 Qe7 16. f3 {Threatens to win with Nxd7.} Nef6 17. Rfe1 a5 (17... c5 {looks sharper.} 18. Rad1 Rfe8 19. Rc1 Red8 20. Red1 a6) 18. Rac1 Nxe5 19. dxe5 Nd7 20. Red1 Kh8 21. Nc2 Ba6 22. Bf1 Bb7 23. a3 c5 24. Ne1 Bc6 25. f4 Ra8 (25... Rfd8 $14) 26. Bg2 a4 (26... Rfd8 $16) 27. cxd5 $18 exd5 28. Bxd5 Bxd5 29. Rxd5 axb3 30. Rcd1 ({Much less strong is} 30. Qxb3 Qe6 $18) 30... Ra7 31. Qxb3 Rb8 32. Qd3 Nf8 33. Nf3 b5 34. Qxf5 c4 35. Qg5 $2 (35. Qe4 $18) 35... Qxa3 $11 36. f5 {[%cal Bf4f5,Bf5f6][%mdl 32] Strongly threatening e6.} c3 (36... h6 $11 37. Qf4 c3) 37. Nd4 ({Only move:} 37. Ne1 $1 $16) 37... Qb2 38. f6 $1 {Rf1 is the strong threat.} ({Avoid the trap} 38. Rd8 $2 Ra2 $1 $19 {[%mdl 512]}) 38... c2 39. Nxc2 $1 Qxc2 {[#]} 40. Rd7 $2 {[%mdl 8192]} (40. e6 $1 $11 {[%mdl 512] and White has nothing to worry.} Qc3 (40... Nxe6 41. Qe5) 41. e7 gxf6 42. Qf4 (42. exf8=Q+ Rxf8 43. Qh6 Re8 $14)) 40... Rxd7 $19 41. Rxd7 {[%csl Gd7,Gf6][%cal Rg5g7]} Qc1+ $2 ({Black should play} 41... Ne6 $19 42. fxg7+ Kg8) 42. Kf2 $11 {[%csl Gd7,Gf6][%cal Rg5g7]} Qc2+ $2 (42... Qb2+ $11 43. Kf3 Ng6 44. fxg7+ Kg8 45. Rd8+ Rxd8 46. Qxd8+ Kxg7 47. Qd7+ Kh6 48. Qh3+ Kg7 49. Qd7+ Kh6 50. Qh3+ Kg7 51. Qd7+) 43. Kg1 $19 {[%csl Gd7,Gf6][%cal Rg5g7]} Qc1+ $2 (43... Ne6 $19 44. fxg7+ Kg8) 44. Kf2 $11 {[%csl Gd7,Gf6][%cal Rg5g7]} Qc2+ {Precision: White = 61%, Black = 29%.} 1/2-1/2

[Event "US-ch Women 2018"]
[Site "Saint Louis"]
[Date "2018.04.19"]
[Round "2"]
[White "Feng, Maggie"]
[Black "Sharevich, Anna"]
[Result "1-0"]
[WhiteElo "2243"]
[BlackElo "2281"]
[Annotator "TA"]
[PlyCount "147"]
[EventDate "2018.??.??"]
[EventType "tourn"]
[EventCountry "USA"]
[SourceTitle "playchess.com"]
[Source "ChessBase"]
[SourceQuality "1"]

{[%evp 16,147,7,-7,0,-8,0,-6,18,6,6,-5,0,-14,0,-6,0,0,0,-12,6,7,0,0,46,0,1,6,55,40,79,-34,35,30,51,66,214,227,276,43,44,40,67,37,79,66,70,67,122,111,158,149,164,154,148,135,123,139,185,200,302,308,308,308,308,307,300,301,379,377,376,372,355,350,368,288,288,294,296,293,265,272,293,293,307,307,630,404,404,399,399,399,399,399,411,411,404,404,404,404,382,366,364,352,1293,1293,519,319,11315,8675,12339,10361,11877,10038,5406,3214,4137,0,4145,4145,29980,4133,29981,29982,29982,29983,29984,29983,29983,29984,29984,29985,29985,29986]} 1. Nf3 d5 2. g3 Bg4 3. Bg2 Nd7 4. c4 e6 {[%cal Be7e6,Be6d5][%mdl 32]} 5. cxd5 exd5 6. O-O Ngf6 7. d3 {A07: Réti Opening: New York and Capablanca Systems} Bc5 8. Qc2 c6 9. e4 {LiveBook: 14 Games. The position is equal.} (9. Nbd2 {NOTEXT} O-O 10. h3 Bh5 11. g4 Bg6 12. Nh4) 9... dxe4 10. dxe4 Bxf3 11. Bxf3 O-O 12. Bf4 Qe7 13. Nc3 Ne5 14. Bg2 Rfe8 {[#]} 15. Kh1 $146 ({Find the theoretical novelty and annotate with similar games:} 15. Rad1) 15... Bd4 16. Rae1 Rad8 17. Be3 Bxe3 18. Rxe3 Qc5 19. Re2 Nd3 20. Rd2 Nb4 21. Qd1 $1 Qe7 22. f4 h5 23. h3 {[#]} ({Better is} 23. a3 $16 Na6 24. e5) 23... Rxd2 (23... Nxa2 $1 $15 {[%mdl 512]} 24. Nxa2 Nxe4 25. Rxd8 (25. Bxe4 Qxe4+ 26. Kh2 Rxd2+ 27. Qxd2 Qc4 $17) 25... Nxg3+ 26. Kg1 Rxd8) 24. Qxd2 $14 Rd8 25. Qe2 Qc5 {[#]} ({Black should try} 25... h4 $14) 26. a3 $1 $18 {[%cal Ra3b4]} Nd3 27. Rf3 $2 (27. e5 $18 Nxe5 28. Qxe5) 27... Qd4 $14 28. e5 Nh7 29. Bf1 Nc5 30. b4 $36 {[%mdl 2048] White has good play.} Ne6 31. Rd3 Qb6 (31... Qxd3 $14 32. Qxd3 Rxd3 33. Bxd3 h4) 32. Qxh5 $16 g6 33. Qd1 Rxd3 34. Qxd3 a5 35. bxa5 Qxa5 36. Ne4 Kg7 37. Nd6 Nc5 (37... Qe1 {was necessary.} 38. Kg2 (38. Nxb7 Nd4 $18) 38... Nc7) 38. Qe3 $18 Nf8 39. f5 {[%cal Bf4f5,Bf5f6][%mdl 32]} Ncd7 40. f6+ ({But not} 40. Nxb7 $6 Qd5+ 41. Bg2 Qxe5 $18) 40... Kh7 41. Nxb7 Qxe5 42. Qxe5 Nxe5 {[%mdl 4096] Endgame KBN-KNN} 43. a4 Nfd7 44. a5 c5 45. a6 c4 {Hoping for ...c3.} 46. a7 Nb6 {intending ...c3.} 47. Na5 c3 48. Nb3 c2 49. Nc1 g5 50. Bg2 g4 $2 (50... Kg6 51. a8=Q Nxa8 52. Bxa8 Kf5) 51. a8=Q Nxa8 52. Bxa8 gxh3 53. Be4+ Kh6 54. Bxc2 Ng4 55. Bf5 Nxf6 56. Bxh3 Kg5 57. Kg2 Nd5 58. Kf3 Ne7 59. Nd3 Nc6 $2 (59... Nd5 60. Nf4 Nb6) 60. Bd7 Ne7 61. Nf4 f6 $2 (61... f5 62. Ne6+ Kg6) 62. Nh3+ Kg6 63. Ke4 Kf7 64. Nf4 Kg7 65. Be8 Kf8 66. Bd7 Kg7 67. Nd5 Ng8 68. Ne3 (68. Be6 $142 Nh6 69. Kf4 Kg6 70. Ne7+ Kh7 71. Nf5 Ng8 72. Bxg8+ Kxg8 73. g4) 68... Kg6 69. Nf5 {White mates.} Kf7 70. Kf4 Kg6 71. Kg4 Kf7 72. Kh5 Ne7 73. Nxe7 Kxe7 74. Bf5 {Precision: White = 68%, Black = 34%.} 1-0

[Event "US-ch Women 2018"]
[Site "Saint Louis"]
[Date "2018.04.20"]
[Round "3"]
[White "Yu, Jennifer"]
[Black "Foisor, Sabina-Francesca"]
[Result "1-0"]
[WhiteElo "2367"]
[BlackElo "2308"]
[Annotator "TA"]
[PlyCount "143"]
[EventDate "2018.??.??"]
[EventType "tourn"]
[EventCountry "USA"]
[SourceTitle "playchess.com"]
[Source "ChessBase"]
[SourceQuality "1"]

{[%evp 23,143,0,2,0,6,0,0,-11,0,-2,0,0,0,-1,0,-12,0,0,0,0,0,0,0,0,0,0,0,0,0,0,3,6,6,0,0,0,0,0,14,14,14,8,8,2,19,17,31,13,11,16,16,16,16,16,16,0,16,0,172,175,183,143,143,143,143,143,143,143,143,143,143,89,92,92,92,81,81,81,143,143,81,81,81,37,29949,29949,29962,29963,29962,29963,29961,29961,12543,11843,29965,29967,29971,29973,29973,29974,29977,29975,29974,29975,29975,29975,29973,29976,29975,29976,29982,29983,29983,29984,29984,29985,29988,29989,29989,29990,29990,29991]} 1. c4 c6 2. e4 d5 3. exd5 cxd5 4. cxd5 Nf6 5. Nc3 g6 6. Nf3 Nxd5 7. Qb3 Nb6 8. Bb5+ Bd7 9. Ne5 e6 10. Nxd7 N8xd7 11. d4 Bg7 12. O-O O-O 13. Rd1 {B14: Caro-Kann: Panov-Botvinnik Attack with 5...e6 and 5...g6} Nf6 14. Bg5 (14. a4 Nbd5 15. Bg5 Nxc3 16. bxc3 Qd5 17. Qxd5 exd5 18. f3 Rfc8 {½-½ (45) Novosadova,K (2209)-Lintchevski,D (2574) Pardubice 2015}) 14... h6 $146 ({Predecessor:} 14... Nbd5 15. Be2 Rb8 16. Bf3 Nxc3 17. bxc3 Qd6 18. Bh4 Qe7 19. Bg3 Rbd8 20. Qxb7 Rd7 21. Qb4 Qxb4 22. cxb4 Nd5 23. Bxd5 Rxd5 24. Be5 Rfd8 25. Bxg7 Kxg7 {½-½ (25) Woodhouse,S (1677)-Harman,K (1645) ICCF email 2015}) 15. Bh4 {[%cal Bg5h4,Bh4g3,Bg3e5][%mdl 32] The position is equal.} g5 16. Bg3 Nbd5 17. Be5 Rc8 18. Be2 Qb6 19. Qxb6 (19. Bf3 {is interesting.} Rfd8 20. Qxb6 axb6 21. Rac1 Nxc3 22. bxc3 Nd5 23. Bxg7 Kxg7 24. c4) 19... axb6 20. Rac1 Nxc3 21. bxc3 Ne4 22. Bxg7 Kxg7 23. c4 Rfd8 24. Bf3 f5 25. Bxe4 fxe4 $11 {[%mdl 4096] Endgame KRR-KRR} 26. Kf1 b5 27. c5 Rd5 28. Ke2 Ra8 29. Rc2 Kf6 30. Ke3 e5 31. Kxe4 Rad8 32. Rcd2 Ke6 33. Ke3 Ra8 34. dxe5 Ra3+ 35. Rd3 Rxe5+ 36. Kf3 $1 Rf5+ 37. Kg3 Rxd3+ 38. Rxd3 {Threatens to win with Rd6+.} Rxc5 {KR-KR} 39. a3 h5 40. f3 Ke5 $2 (40... b4 $11 {and Black stays safe.} 41. axb4 Rc4) 41. h4 $1 $18 Kf5 42. hxg5 Kxg5 43. Rd7 Rc3 44. Rxb7 Rxa3 45. Rxb5+ Kg6 46. Re5 Rb3 47. Kf4 (47. Re1 $142) 47... Rb4+ 48. Re4 Rb2 49. Kg3 Rb1 50. Ra4 Rb2 ({Better is} 50... Rh1 51. Rc4 Kg5 52. Rc5+ Kg6) 51. Ra6+ $16 Kf5 52. Ra5+ Kg6 53. f4 {Hoping for Rg5+.} h4+ $2 {[%mdl 8192] [#]} (53... Rb1 $14) 54. Kh3 $1 Rf2 {[#]} 55. Rg5+ $1 Kf6 56. Rg4 Kf5 57. Rxh4 Ra2 58. g3 Kg6 59. Kg4 {White mates.} Ra8 60. f5+ Kf6 61. Rh6+ Kg7 62. Rb6 Kf7 63. Kg5 Rg8+ 64. Kf4 Ra8 65. g4 Ra4+ 66. Kg5 Rc4 67. Rb7+ Kg8 68. f6 Ra4 69. Kf5 Ra5+ 70. Kg6 {[%cal Rb7b8]} Ra8 71. Rg7+ Kf8 72. Rh7 {Precision: White = 69%, Black = 46%.} 1-0

[Event "US-ch Women 2018"]
[Site "Saint Louis"]
[Date "2018.04.20"]
[Round "3"]
[White "Abrahamyan, Tatev"]
[Black "Feng, Maggie"]
[Result "0-1"]
[WhiteElo "2366"]
[BlackElo "2243"]
[Annotator "TA"]
[PlyCount "72"]
[EventDate "2018.??.??"]
[EventType "tourn"]
[EventCountry "USA"]
[SourceTitle "playchess.com"]
[Source "ChessBase"]
[SourceQuality "1"]

{[%evp 29,72,-27,-12,-23,-26,-62,-51,-87,-68,-138,-135,-134,-134,-143,-135,-156,-163,-146,-145,-148,-140,-161,-114,-87,-87,-98,-94,-95,-67,-123,-125,-159,-172,-234,-227,-227,-232,-352,-348,-347,-258,-256,-259,-1006,-994]} 1. e4 e6 2. d4 d5 3. Nd2 Be7 4. Bd3 c5 5. Ngf3 Nf6 6. e5 Nfd7 7. c3 Nc6 8. O-O a5 9. Re1 cxd4 10. cxd4 Qb6 11. Nb1 {[%cal Bd2b1,Bb1c3,Bc3b5][%mdl 32] C06: French Tarrasch: 3...Nf6 4 e5 Nfd7 5 Bd3 main lines} (11. a4 Nxd4 12. Nxd4 Qxd4 13. Nf3 Qb6 14. Be3 Nc5 15. Bb5+ Bd7 16. Nd4 Bxb5 17. Nxb5 O-O 18. Qg4 Rfc8 {0-1 (33) Naroditsky,D (2631)-So,W (2779) ICC INT 2015}) 11... Nxd4 12. Nxd4 Qxd4 13. Nc3 Qb6 14. Qg4 Kf8 15. Nb5 Nc5 {LiveBook: 3 Games} 16. Be3 {Hoping for Rac1.} Bd7 17. a4 Qd8 18. Bc2 Rc8 $146 ({Predecessor:} 18... Bxb5 19. axb5 {0-1 (54) Calzetta Ruiz,M (2278)-Mkrtchian,L (2391) Varna 2002}) 19. Rad1 ({White should try} 19. Nd4 $15) 19... Bxb5 $17 20. axb5 Nd7 {[%cal Bc5d7,Bd7e5,Be5c4][%mdl 32]} 21. Bb3 {and if Bxd5 works, White does fine.} Nxe5 22. Qg3 Nc4 23. Bd4 Bf6 24. Bxf6 gxf6 ({Don't do} 24... Qxf6 25. Bxc4 dxc4 26. Qa3+ Kg8 27. Rd7 $15) 25. Qh4 {aiming for Bxc4.} Ke7 ({And not} 25... Nxb2 26. Qh6+ Ke8 27. Rxd5 $11) 26. Qh5 Rc5 27. Bxc4 Rxc4 28. Rxd5 Qc7 29. Rdd1 (29. g3 $15) 29... Rc5 30. Qh6 Rxb5 31. Rd3 {[#]} (31. g3 $142) 31... Rd8 $1 $19 {[%cal Rd8d3]} (31... Rxb2 32. h4) 32. Rc3 Rc5 ({Resist} 32... Qe5 33. Kf1) 33. Rf3 {[#]} (33. Rce3 $142) 33... Qe5 $1 {[%cal Re5e1][%mdl 512]} 34. Rfe3 (34. Rxe5 Rd1+) 34... Qf5 35. h3 Rg8 36. Rb3 $2 (36. Qh4) 36... Qd5 {Precision: White = 38%, Black = 81%.} 0-1

[Event "US-ch Women 2018"]
[Site "Saint Louis"]
[Date "2018.04.20"]
[Round "3"]
[White "Derakhshani, Dorsa"]
[Black "Paikidze, Nazi"]
[Result "0-1"]
[WhiteElo "2306"]
[BlackElo "2352"]
[Annotator "TA"]
[PlyCount "134"]
[EventDate "2018.??.??"]
[EventType "tourn"]
[EventCountry "USA"]
[SourceTitle "playchess.com"]
[Source "ChessBase"]
[SourceQuality "1"]

{[%evp 17,134,-7,0,-42,-41,-48,-39,-80,-46,-49,-55,-49,-60,-64,29,21,27,15,18,-21,-21,-23,-22,-41,-36,-34,-41,-38,-32,-29,0,0,0,0,0,-39,0,0,0,0,0,0,0,0,0,-13,-12,-123,-131,-233,-230,-204,-218,-205,-210,-182,-124,-235,0,-218,-220,-599,-599,-579,-576,-591,-585,-703,-378,-550,-378,-378,-378,-378,-378,-504,-493,-420,-269,-636,-560,-602,-597,-618,-573,-524,-541,-514,-481,-1051,-1047,-1067,-940,-767,-591,-767,-767,-861,-550,-621,-523,-577,-458,-873,-850,-722,-767,-1623,-1339,-29978,-29979,-29979,-29980,-29980,-29981,-29981,-29982,-29986,-29987]} 1. e4 d6 2. d4 Nf6 3. Nc3 e5 4. dxe5 dxe5 5. Qxd8+ Kxd8 6. Bg5 Be6 7. O-O-O+ Kc8 8. Nf3 Nbd7 9. Bh4 h6 {LiveBook: 9 Games} 10. Nd2 {B07: Pirc Defence: Miscellaneous Systems} (10. Bxf6 gxf6 11. Nh4 c6 12. Be2 Bc5 13. Rhf1 h5 14. Nf5 Kc7 15. h4 Rhg8 16. g3 b5 17. Rd3 Bb6 {½-½ (37) Pap,M (2509)-Popovic,D (2564) Vrnjacka Banja 2010}) 10... Bb4 11. Ndb1 c6 $146 ({Find the theoretical novelty and annotate with similar games:} 11... b5 12. a3 Bc5 13. Bd3 Ng4 14. Rdf1 g5 15. h3 Rg8 16. hxg4 gxh4 17. Rxh4 Rxg4 18. Rxg4 Bxg4 {½-½ (47) Nunes,M (1457)-Caporale,G (1746) Sao Paulo 2014}) 12. Bd3 {Black is slightly better.} Kc7 13. a3 Bc5 14. Nd2 a5 15. Bc4 a4 ({Better is} 15... Bxc4 $15 16. Nxc4 b5 17. Bxf6 gxf6) 16. Bxe6 $11 fxe6 17. Nf3 Nh5 18. Rd2 (18. g4 $5 {[%cal Rg4h5]} g5 19. gxh5 gxh4 20. Nxh4 $11) 18... g5 19. Rhd1 Rhd8 20. Bg3 Nxg3 21. hxg3 g4 22. Ne1 Bd4 23. Nd3 Nf6 {Threatens to win with ...Bxc3.} 24. Re2 Rg8 25. Rh1 h5 26. Nd1 c5 27. c4 Rad8 28. Kc2 b5 29. cxb5 Kb6 30. Nc3 Ra8 31. Rb1 Ne8 32. Ne1 (32. Rh1 $11 Rg5 33. Rd2) 32... Nd6 $17 33. Kd3 (33. Nd3 $17) 33... c4+ $19 ({Much less strong is} 33... Nxb5 34. Nxb5 Kxb5 35. Nc2 $17) 34. Kd2 Nxb5 35. Nxb5 Kxb5 36. Nc2 Kc5 (36... Rad8 $19 {And now ...Bxf2+ would win.} 37. Ke1 Rh8) 37. Nb4 (37. Ne3 $17 {was worth a try.}) 37... Kb5 $2 ({Black should try} 37... Raf8 $19 38. Na2 Rxf2 39. Rxf2 Bxf2) 38. Ke1 $2 {[#]} (38. Nc2 $1 $11) 38... Rh8 $1 39. Rc2 $2 (39. Na2) 39... h4 40. gxh4 Rxh4 41. Rbc1 Rf8 {( -> ...Rh1+)} 42. Re2 Rh1+ 43. Kd2 Rxc1 44. Kxc1 Bxf2 {[%mdl 4096] Endgame KRB-KRN} 45. Na2 Bd4 46. Kc2 Rf1 47. Nc3+ Bxc3 48. Kxc3 $2 {KR-KR} (48. bxc3 g3 49. Rd2) 48... Rg1 49. Kd2 Kc5 50. Ke3 Rf1 51. Rd2 Re1+ 52. Kf2 Rxe4 53. Kg3 (53. Rd8 $142 Rf4+ 54. Ke3) 53... Rd4 54. Re2 Kd5 55. Kh4 Rf4 56. g3 Rd4 57. Kg5 {[#]} c3 $1 58. bxc3 Rd3 59. c4+ Kd4 60. Kxg4 (60. c5 $142 Kxc5 61. Kxg4) 60... Rxa3 61. c5 Rc3 62. Ra2 Kxc5 63. Rxa4 Rc4+ {Black mates.} 64. Rxc4+ Kxc4 65. Kf3 {[#]} Kd3 $1 66. Kf2 e4 67. g4 Kd2 {Precision: White = 38%, Black = 74%.} 0-1

[Event "US-ch Women 2018"]
[Site "Saint Louis"]
[Date "2018.04.20"]
[Round "3"]
[White "Goletiani, Rusudan"]
[Black "Wang, Annie"]
[Result "0-1"]
[WhiteElo "2306"]
[BlackElo "2321"]
[Annotator "RC"]
[PlyCount "110"]
[EventDate "2018.??.??"]
[EventType "tourn"]
[EventCountry "USA"]
[SourceTitle "playchess.com"]
[Source "ChessBase"]
[SourceQuality "1"]
[TimeControl "40/5400+30:1800+30"]

1. c4 {[%emt 0:00:00]} e6 {[%emt 0:00:06]} 2. Nf3 {[%emt 0:00:01]} Nf6 {[%emt 0:00:07]} 3. b3 {[%emt 0:00:39]} d5 {[%emt 0:00:43]} 4. e3 {[%emt 0:00:13]} Be7 {[%emt 0:00:53]} 5. g3 {[%emt 0:01:17]} c5 {[%emt 0:01:24]} 6. Bg2 {[%emt 0:00:59]} O-O {[%emt 0:00:53]} 7. O-O {[%emt 0:00:59]} b6 {[%emt 0:00:26]} 8. Bb2 {[%emt 0:01:56]} Bb7 {[%emt 0:00:46]} 9. Nc3 {[%emt 0:08:01]} Nc6 {[%emt 0:03:17]} 10. cxd5 {[%emt 0:00:32]} Nxd5 {[%emt 0:05:24]} 11. Nxd5 {[%emt 0:01:21]} exd5 {[%emt 0:00:12]} 12. d4 {[%emt 0:00:21]} Ba6 {[%emt 0:09:11]} 13. Re1 {[%emt 0:01:25]} c4 {[%emt 0:10:40]} 14. e4 {[%emt 0:25:48]} Bb4 {[%emt 0:14:59]} 15. exd5 {[%emt 0:07:49]} Ne7 {[%emt 0:12:44]} 16. d6 {[%emt 0:08:05]} Qxd6 {[%emt 0:03:26]} 17. Nd2 {[%emt 0:00:14]} Rac8 {[%emt 0:09:21]} 18. bxc4 {[%emt 0:02:56]} Bxc4 {[%emt 0:01:29]} 19. Nxc4 {[%emt 0:07:04]} Rxc4 {[%emt 0:00:08]} 20. Re5 {[%emt 0:03:02]} Ng6 {[%emt 0:01:58]} 21. Re3 {[%emt 0:03:52]} Qc7 {[%emt 0:03:08]} 22. d5 {[%emt 0:04:19]} Bc5 {[%emt 0:02:52]} 23. Re2 {[%emt 0:02:58]} Rc8 {[%emt 0:00:54]} 24. Qd3 {[%emt 0:03:36]} Bb4 {[%emt 0:01:35]} 25. Rd1 {[%emt 0:00:51]} Rd8 {[%emt 0:01:04]} 26. h4 {[%emt 0:02:26]} Nf8 {[%emt 0:03:44]} 27. a3 {[%emt 0:03:35]} Bd6 {[%emt 0:00:31]} 28. Rde1 {[%emt 0:04:34]} b5 {[%emt 0:01:02]} 29. h5 {[%emt 0:00:45]} h6 {[%emt 0:01:03]} 30. Re4 {[%emt 0:00:50]} a6 {[%emt 0:04:52]} 31. Bf1 {[%emt 0:00:23]} Rxe4 {[%emt 0:00:58]} 32. Rxe4 {[%emt 0:00:15]} Nd7 {[%emt 0:00:47]} 33. Qe2 {[%emt 0:02:19]} Qb8 {[%emt 0:01:12]} 34. Bh3 {[%emt 0:00:31]} Nb6 {[%emt 0:02:34]} 35. Bg2 {[%emt 0:02:23]} Nc4 {[%emt 0:00:26]} 36. Bd4 {[%emt 0:00:26]} Bxa3 {[%emt 0:00:21]} 37. Rg4 {[%emt 0:00:59]} Bf8 {[%emt 0:00:10]} 38. Qa2 {[%emt 0:00:42]} Qc8 {[%emt 0:01:58]} 39. Bh3 {[%emt 0:00:02]} Qb7 {[%emt 0:00:10]} 40. Qa1 {[%emt 0:00:42]} f5 {[%emt 0:30:46]} 41. Rg6 {[%emt 0:30:36]} Nd6 {[%emt 0:00:23]} 42. Bg2 {[%emt 0:00:00]} Rd7 {[%emt 0:00:00]} 43. Qc1 {[%emt 0:00:00]} Kh7 {[%emt 0:00:00]} 44. g4 {[%emt 0:00:00]} fxg4 {[%emt 0:00:00]} 45. Rxg4 {[%emt 0:00:00]} Rf7 {[%emt 0:00:00]} 46. Qc2+ {[%emt 0:00:00]} Kg8 {[%emt 0:00:00]} 47. Qg6 {[%emt 0:00:00]} Qc8 {[%emt 0:00:00]} 48. Bh3 {[%emt 0:00:00]} Nf5 {[%emt 0:00:00]} 49. Bf6 {[%emt 0:00:00]} Qc2 {[%emt 0:00:00]} 50. Rg3 {[%emt 0:00:00]} Qd1+ {[%emt 0:00:00]} 51. Kh2 {[%emt 0:00:00]} Nxg3 {[%emt 0:00:19]} 52. Be6 {[%emt 0:02:07]} Qxh5+ {[%emt 0:00:27]} 53. Qxh5 {[%emt 0:00:20]} Nxh5 {[%emt 0:00:06]} 54. Be5 {[%emt 0:00:11]} Bc5 {[%emt 0:00:29]} 55. d6 {[%emt 0:01:45]} Nf6 {[%emt 0:00:25]} 0-1